| 000 | 00525nam a22001577a 4500 | ||
|---|---|---|---|
| 003 | OSt | ||
| 005 | 20250830152941.0 | ||
| 008 | 250820b |||||||| |||| 00| 0 eng d | ||
| 040 | _cSVYASA | ||
| 100 |
_aJinal Mokariya _91104 |
||
| 245 | _aEffect of yoga on physiological and psychological parameters related to obese condition and the wellbeing of participants affected by obesity. | ||
| 260 |
_aBangaluru _bSvyasa _c2025 |
||
| 300 | _a52 p. | ||
| 856 | _uhttps://elibraryofyoga.com/handle/123456789/2486 | ||
| 942 |
_2ddc _cD _n0 |
||
| 999 |
_c20697 _d20697 |
||